| 000 | 00720nam a22002297a 4500 | ||
|---|---|---|---|
| 005 | 20170124110210.0 | ||
| 010 | _a726543 | ||
| 020 | _c00.00 | ||
| 035 | _a726543 | ||
| 037 | _bCen Lib/Ret | ||
| 040 |
_aDPL _bEN |
||
| 082 |
_a181.499 _bKRI |
||
| 100 |
_aKrishnamurti, J. _9109180 |
||
| 245 |
_aCommentaries on living : _cby J. Krishnamurti; edited by D. Rajagopal _bsecond series, from the notebooks of J. Krishnamurti / |
||
| 260 |
_bB. I. Publications _aBombay _c1972 |
||
| 270 |
_bBombay _a18 Lansdowne Road _e400001 |
||
| 300 |
_avii,242p. _c16cm(Hb) |
||
| 650 |
_aEthics _911191 |
||
| 650 |
_aPhilosophy, Indic _9109181 |
||
| 700 |
_aRajagopal, D. _938054 |
||
| 942 |
_2ddc _cEN _h181.499 _mKRI |
||
| 999 |
_c133479 _d133479 |
||